| 000 | 00435nam a2200157Ia 4500 | ||
|---|---|---|---|
| 008 | 210210b1989 xxu||||| |||| 00| 0 eng d | ||
| 082 | _a530.028 CIOE | ||
| 100 | _aCIOEFARI (Bernard) & EDMONDS (Dean S). | ||
| 245 | _aExperiments in college physics. Ed.6 | ||
| 250 | _a | ||
| 260 |
_aDelhi. _bSurjeet Publications., _c1989 |
||
| 300 | _a400 | ||
| 650 | _aExperiments college physics | ||
| 690 | _aPhysics Practical | ||
| 906 | _a044439 | ||
| 999 |
_c94124 _d94124 |
||